000 00463nam a2200157 i 4500
001 58211
003 ES-MaACL
005 20230906163741.0
007 t|
008 031021s1924 sp ||||1| spa d
100 1 _aDuque, Rufino.
_946151
245 1 0 _aPetróleo
_b: un problema de gran vitalidad para España /
_cpor Rufino Duque.
260 _aMadrid :
_b[s.n.],
_c1924 (
_fRamona Velasco)
300 _a74 p. ;
_c24 cm.
852 _aES-MaACL
_j1675-F-11
_bR.4680
999 _c58211
_d58211